|
|
|
|
| LEADER |
01293nam a2200361Ia 4500 |
| 001 |
EBC689889 |
| 003 |
MiAaPQ |
| 005 |
20200520144314.0 |
| 006 |
m o d | |
| 007 |
cr cn||||||||| |
| 008 |
060909s2006 enka sb 001 0 eng d |
| 010 |
|
|
|z 2006282315
|
| 020 |
|
|
|z 9781855753273
|
| 020 |
|
|
|z 1855753278
|
| 035 |
|
|
|a (MiAaPQ)EBC689889
|
| 035 |
|
|
|a (Au-PeEL)EBL689889
|
| 035 |
|
|
|a (CaPaEBR)ebr10464004
|
| 035 |
|
|
|a (CaONFJC)MIL306904
|
| 035 |
|
|
|a (OCoLC)723944159
|
| 040 |
|
|
|a MiAaPQ
|c MiAaPQ
|d MiAaPQ
|
| 050 |
|
4 |
|a HD30.4
|b .E939 2006
|
| 082 |
0 |
4 |
|a 658.4/07124
|2 22
|
| 245 |
0 |
0 |
|a Executive coaching
|h [electronic resource] :
|b systems-psychodynamic perspective /
|c edited by Halina Brunning.
|
| 260 |
|
|
|a London ;
|a New York :
|b Karnac,
|c 2006.
|
| 300 |
|
|
|a xxxiii, 269 p. :
|b ill.
|
| 504 |
|
|
|a Includes bibliographical references and index.
|
| 533 |
|
|
|a Electronic reproduction. Ann Arbor, MI : ProQuest, 2015. Available via World Wide Web. Access may be limited to ProQuest affiliated libraries.
|
| 650 |
|
0 |
|a Executive coaching.
|
| 650 |
|
0 |
|a Industrial management.
|
| 655 |
|
4 |
|a Electronic books.
|
| 700 |
1 |
|
|a Brunning, Halina.
|
| 710 |
2 |
|
|a ProQuest (Firm)
|
| 856 |
4 |
0 |
|u https://ebookcentral.proquest.com/lib/matrademy/detail.action?docID=689889
|z Click to View
|